000 00433nam a2200169Ia 4500
001 30654
003 IN-NITTTR
005 20251114233413.0
008 251113s9999||||xx |||||||||||||| ||eng||
040 _beng
040 _cIN-NITTTR
041 _aeng
082 _a621.3845 L51M
100 _aLee, William C. Y.
245 0 _aMobile communications engineering :
_b theory and applications /
_cLee, William C. Y.
942 _2ddc
_cBK
999 _c33284
_d33284